000 00344nam a2200133Ia 4500
005 20251222144858.0
008 251222s9999||||xx |||||||||||||| ||spa||
020 _a9972-653-16-1
082 _a351.724/D98
100 _aDurán Rojo, Luis
245 0 _aTexto Único de Procedimientos Administrativos de SUNAT:
264 _bAele
942 _cLIB
999 _c21886
_d21886